Cómo se construye un puente / (Record no. 16223)

MARC details
000 -LEADER
fixed length control field 01809cam a2200517Ii 4500
001 - CONTROL NUMBER
control field sjds836202
003 - CONTROL NUMBER IDENTIFIER
control field sjds
005 - DATE AND TIME OF LATEST TRANSACTION
control field 20160917144918.0
008 - FIXED-LENGTH DATA ELEMENTS--GENERAL INFORMATION
fixed length control field 160203s2016 nyua j b 001 0 spa d
020 ## - INTERNATIONAL STANDARD BOOK NUMBER
International Standard Book Number 9781482443479
Qualifying information (library bound)
020 ## - INTERNATIONAL STANDARD BOOK NUMBER
International Standard Book Number 1482443473
020 ## - INTERNATIONAL STANDARD BOOK NUMBER
International Standard Book Number 9781482443806
Qualifying information (pbk.)
020 ## - INTERNATIONAL STANDARD BOOK NUMBER
International Standard Book Number 1482443805
020 ## - INTERNATIONAL STANDARD BOOK NUMBER
Canceled/invalid ISBN 9781482443172
Qualifying information (6 pack)
020 ## - INTERNATIONAL STANDARD BOOK NUMBER
Canceled/invalid ISBN 1482443171
035 ## - SYSTEM CONTROL NUMBER
System control number (OCoLC)936820557
Canceled/invalid control number (OCoLC)921869946
035 ## - SYSTEM CONTROL NUMBER
System control number 823587
035 ## - SYSTEM CONTROL NUMBER
System control number (OCoLC)ocn936820557
035 ## - SYSTEM CONTROL NUMBER
System control number 823587
040 ## - CATALOGING SOURCE
Original cataloging agency QBX
Language of cataloging eng
Description conventions rda
Transcribing agency QBX
Modifying agency OCLCO
-- BDX
-- BTCTA
-- OCLCF
-- IFA
041 1# - LANGUAGE CODE
Language code of text/sound track or separate title spa
Language code of original eng
049 ## - LOCAL HOLDINGS (OCLC)
Holding library IFAA
050 #4 - LIBRARY OF CONGRESS CALL NUMBER
Classification number TG148
Item number .A5618 2016
099 ## - LOCAL FREE-TEXT CALL NUMBER (OCLC)
Classification number 624.2
Filing suffix 2016
999 ## - SYSTEM CONTROL NUMBERS (KOHA)
Koha Dewey Subclass [OBSOLETE] CHILDREN ESPANOL 624.2 ALOIAN 2016
100 1# - MAIN ENTRY--PERSONAL NAME
Personal name Aloian, Sam,
Relator term author.
240 10 - UNIFORM TITLE
Uniform title <a href="How a bridge is built.">How a bridge is built.</a>
Language of a work Spanish
245 10 - TITLE STATEMENT
Title Cómo se construye un puente /
Statement of responsibility, etc. Sam Aloian ; traducido por Alberto Jiménez.
246 30 - VARYING FORM OF TITLE
Title proper/short title Puente
250 ## - EDITION STATEMENT
Edition statement First edition.
260 ## - PUBLICATION, DISTRIBUTION, ETC. (IMPRINT)
Place of publication, distribution, etc. New York, NY :
Name of publisher, distributor, etc. Gareth Stevens Publishing,
Date of publication, distribution, etc. 2016.
264 #1 - PRODUCTION, PUBLICATION, DISTRIBUTION, MANUFACTURE, AND COPYRIGHT NOTICE
Place of production, publication, distribution, manufacture New York, NY :
Name of producer, publisher, distributor, manufacturer Gareth Stevens Publishing,
Date of production, publication, distribution, manufacture, or copyright notice 2016.
300 ## - PHYSICAL DESCRIPTION
Extent 24 pages :
Other physical details color illustrations ;
Dimensions 23 cm.
336 ## - CONTENT TYPE
Content type term text
Content type code txt
Source rdacontent
336 ## - CONTENT TYPE
Content type term still image
Content type code sti
Source rdacontent
337 ## - MEDIA TYPE
Media type term unmediated
Media type code n
Source rdamedia
338 ## - CARRIER TYPE
Carrier type term volume
Carrier type code nc
Source rdacarrier
490 1# - SERIES STATEMENT
Series statement Engineering our world
504 ## - BIBLIOGRAPHY, ETC. NOTE
Bibliography, etc Includes bibliographical references (page 23) and index.
650 #0 - SUBJECT ADDED ENTRY--TOPICAL TERM
Topical term or geographic name as entry element Bridges
General subdivision Design and construction
Form subdivision Juvenile literature.
650 #7 - SUBJECT ADDED ENTRY--TOPICAL TERM
Topical term or geographic name as entry element Puentes
General subdivision Dise�o y construcci�n
Form subdivision Literatura juvenil.
Source of heading or term bidex
700 1# - ADDED ENTRY--PERSONAL NAME
Personal name Jiménez, Alberto
Titles and other words associated with a name (Translator),
Relator term translator.
700 1# - ADDED ENTRY--PERSONAL NAME
Relationship information Translation of:
Personal name Aloian, Sam.
Title of a work How a bridge is built.
Language of a work English.
830 #0 - SERIES ADDED ENTRY--UNIFORM TITLE
Uniform title Engineering our world.
Language of a work Spanish.
942 ## - ADDED ENTRY ELEMENTS (KOHA)
Source of classification or shelving scheme Dewey Decimal Classification
Koha item type Libro/Book
Holdings
Withdrawn status Lost status Damaged status Not for loan Home library Current library Date acquired Inventory number Total Checkouts Total Renewals Barcode Checked out Date last seen Date checked out Price effective from Koha item type
        Sevadilla -- Satellite Capulin 17/09/2016 Inventory date: 7/7/25 5 1 35400776 22/04/2026 18/03/2026 18/03/2026 17/09/2016 Libro/Book

Powered by Koha